[Event "Heusenstamm Sparkassen op-B 7th"]
[Site "Heusenstamm"]
[Date "2021.11.21"]
[Round "7.14"]
[White "Burow, Roger"]
[Black "Graef, Jakob Vincent"]
[Result "0-1"]
[WhiteElo "1634"]
[BlackElo "1557"]
[PlyCount "66"]
[EventDate "2021.11.18"]
[EventType "swiss"]
[EventRounds "7"]
[EventCountry "GER"]
[SourceTitle "EXT 2023"]
[Source "ChessBase"]
[SourceDate "2022.10.05"]
[SourceVersion "1"]
[SourceVersionDate "2022.10.05"]
[SourceQuality "1"]

1. e4 c5 2. a3 Nc6 3. b4 cxb4 4. axb4 Nxb4 5. c3 Nc6 6. d4 g6 7. Nf3 d6 8. Na3 Bg7 9. Nb5 Bd7 10. Bf4 a6 11. Nxd6+ exd6 12. Bxd6 Bg4 13. e5 Nge7 14. Bc4 0-0 15. 0-0 Qd7 16. Qb3 Bxf3 17. gxf3 b5 18. Be2 Rfc8 19. Kh1 Nf5 20. Bc5 Nxe5 21. Rfd1 Qb7 22. dxe5 Rxc5 23. e6 Rxc3 24. exf7+ Qxf7 25. Qxf7+ Kxf7 26. Rd7+ Kf8 27. Rad1 Nd4 28. R7xd4 Bxd4 29. Rxd4 Rc2 30. Re4 Re8 31. Rf4+ Kg7 32. Bd3 Rxf2 33. Be4 Rd8 0-1

[Event "Heusenstamm Sparkassen op-B 7th"]
[Site "Heusenstamm"]
[Date "2021.11.19"]
[Round "3.4"]
[White "Burow, Roger"]
[Black "Bardorz, Christoph"]
[Result "0-1"]
[WhiteElo "1634"]
[BlackElo "1764"]
[PlyCount "46"]
[EventDate "2021.11.18"]
[EventType "swiss"]
[EventRounds "7"]
[EventCountry "GER"]
[SourceTitle "EXT 2023"]
[Source "ChessBase"]
[SourceDate "2022.10.05"]
[SourceVersion "1"]
[SourceVersionDate "2022.10.05"]
[SourceQuality "1"]

1. e4 e5 2. Bc4 Nf6 3. d4 exd4 4. e5 d5 5. Qxd4 Nc6 6. Qf4 Nh5 7. Qf3 dxc4 8. Qxh5 Nd4 9. Qd1 Bf5 10. Bd2 Nxc2+ 11. Kf1 Qd3+ 12. Ne2 Nxa1 13. Nbc3 Nc2 14. Bg5 h6 15. Bh4 g5 16. Bg3 0-0-0 17. Qc1 Bb4 18. Kg1 Nd4 19. Nxd4 Rxd4 20. h3 Bxc3 21. bxc3 Qd1+ 22. Kh2 Qxc1 23. Rxc1 Rd2 0-1

[Event "Heusenstamm Sparkassen op-B 6th"]
[Site "Heusenstamm"]
[Date "2019.11.22"]
[Round "3"]
[White "Laufer, Maximilian"]
[Black "Burow, Roger"]
[Result "1-0"]
[WhiteElo "1374"]
[BlackElo "1670"]
[PlyCount "53"]
[EventDate "2019.11.21"]
[EventType "swiss"]
[EventRounds "7"]
[EventCountry "GER"]
[SourceTitle "CBM 194 Extra"]
[Source "ChessBase"]
[SourceDate "2020.03.31"]
[SourceVersion "1"]
[SourceVersionDate "2020.03.31"]
[SourceQuality "1"]

1. e4 b6 2. Nc3 e6 3. Bc4 Bb7 4. d3 Bb4 5. Bd2 Nc6 6. Nf3 Nf6 7. a3 Be7 8. 0-0 d5 9. exd5 Nxd5 10. Nxd5 exd5 11. Bb5 a6 12. Ba4 b5 13. Bb3 0-0 14. Bf4 d4 15. Nd2 Bd6 16. Qg4 Qf6 17. Bxd6 Qxd6 18. Ne4 Qe7 19. f4 Kh8 20. Qh5 f5 21. Ng5 g6 22. Qh4 Rf6 23. Rae1 Qd7 24. Ne6 Rxe6 25. Rxe6 Qg7 26. Bd5 Qd7 27. Qf6+ 1-0

[Event "Heusenstamm Sparkassen op-B 5th"]
[Site "Heusenstamm"]
[Date "2018.11.24"]
[Round "4"]
[White "Burow, Roger"]
[Black "Bigott, Martin"]
[Result "0-1"]
[WhiteElo "1675"]
[BlackElo "1752"]
[PlyCount "54"]
[EventDate "2018.11.22"]
[EventType "swiss"]
[EventRounds "7"]
[EventCountry "GER"]
[SourceTitle "CBM 187 Extra"]
[Source "ChessBase"]
[SourceDate "2018.11.04"]
[SourceVersion "1"]
[SourceVersionDate "2018.11.04"]
[SourceQuality "1"]

1. e4 Nf6 2. Nc3 e6 3. d4 d5 4. exd5 exd5 5. Nf3 Bb4 6. Bd3 Qe7+ 7. Be3 Ng4 8. Qe2 Nxe3 9. fxe3 0-0 10. 0-0 Be6 11. e4 c6 12. e5 c5 13. a3 Bxc3 14. bxc3 c4 15. Bxh7+ Kxh7 16. Nd2 Rh8 17. Rf4 Nd7 18. Raf1 Kg8 19. Nxc4 dxc4 20. Qe4 Nb6 21. a4 Nd5 22. R4f3 Qh4 23. Qxh4 Rxh4 24. h3 Rd8 25. Kh2 Nxc3 26. Rxc3 Rhxd4 27. Rg3 Rd2 0-1

[Event "Heusenstamm Sparkassen op-B 5th"]
[Site "Heusenstamm"]
[Date "2018.11.23"]
[Round "2"]
[White "Burow, Roger"]
[Black "Richter, Johannes"]
[Result "1/2-1/2"]
[WhiteElo "1675"]
[BlackElo "1203"]
[PlyCount "54"]
[EventDate "2018.11.22"]
[EventType "swiss"]
[EventRounds "7"]
[EventCountry "GER"]
[SourceTitle "CBM 187 Extra"]
[Source "ChessBase"]
[SourceDate "2018.11.04"]
[SourceVersion "1"]
[SourceVersionDate "2018.11.04"]
[SourceQuality "1"]

1. e4 c6 2. Nf3 d5 3. exd5 cxd5 4. d4 Nf6 5. c4 Bf5 6. Nc3 e6 7. Bg5 dxc4 8. Bxc4 h6 9. Be3 Bb4 10. 0-0 0-0 11. Qb3 Qe7 12. a3 Bd6 13. Rfe1 Ng4 14. Bd2 Nc6 15. Nd5 Qd7 16. Nf4 Bxf4 17. Bxf4 Na5 18. Qc3 Nxc4 19. Qxc4 b5 20. Qe2 a6 21. h3 Nf6 22. Rac1 Rac8 23. Be3 Rxc1 24. Rxc1 Rc8 25. Qd1 Nd5 26. Ne5 Rxc1 27. Qxc1 Qc7 1/2-1/2

[Event "Heusenstamm Sparkassen op-B 5th"]
[Site "Heusenstamm"]
[Date "2018.11.22"]
[Round "1"]
[White "Scheerer, Julian"]
[Black "Burow, Roger"]
[Result "0-1"]
[WhiteElo "1364"]
[BlackElo "1675"]
[PlyCount "102"]
[EventDate "2018.11.22"]
[EventType "swiss"]
[EventRounds "7"]
[EventCountry "GER"]
[SourceTitle "CBM 187 Extra"]
[Source "ChessBase"]
[SourceDate "2018.11.04"]
[SourceVersion "1"]
[SourceVersionDate "2018.11.04"]
[SourceQuality "1"]

1. e4 e5 2. Nf3 Nc6 3. Bc4 Nf6 4. d4 d5 5. exd5 Nxd5 6. dxe5 Be6 7. 0-0 h6 8. Bxd5 Bxd5 9. Re1 Be7 10. Nc3 Be6 11. Be3 a6 12. Qxd8+ Rxd8 13. Rad1 0-0 14. Rd2 Bb4 15. Rb1 b6 16. Nd4 Nxe5 17. Rdd1 Bc8 18. Bf4 Bd6 19. Re1 Nf3+ 20. Nxf3 Bxf4 21. Re7 Bd6 22. Ree1 Bb7 23. Ne4 Rd7 24. Nxd6 Rxd6 25. Ne5 Rfd8 26. Nc4 Rg6 27. f3 Bxf3 28. g3 Bb7 29. Re7 Rc8 30. Rbe1 Rc6 31. Ne3 Kf8 32. Rd7 Re8 33. Kf2 Bc8 34. Rd2 Rf6+ 35. Kg1 Bh3 36. Rf2 Rfe6 37. Rfe2 g6 38. Kf2 Rf6+ 39. Kg1 Rf3 40. Ng2 Rd8 41. Nf4 Bg4 42. Kg2 g5 43. Nd3 Rfxd3 44. cxd3 Bxe2 45. Rxe2 Rxd3 46. Kh3 Rd6 47. Kg4 Rf6 48. Re5 Kg7 49. Kh5 c5 50. g4 Rf2 51. h4 Rh2 0-1

[Event "Hofheim Spring op-B 6th"]
[Site "Hofheim"]
[Date "2018.04.03"]
[Round "1"]
[White "Burow, Roger"]
[Black "Rabiya, Karim"]
[Result "0-1"]
[WhiteElo "1703"]
[BlackElo "1643"]
[PlyCount "102"]
[EventDate "2018.04.03"]
[EventType "swiss"]
[EventRounds "9"]
[EventCountry "GER"]
[SourceTitle "EXT 2020"]
[Source "ChessBase"]
[SourceDate "2019.10.17"]
[SourceVersion "1"]
[SourceVersionDate "2019.10.17"]
[SourceQuality "1"]

1. e4 Nf6 2. Nc3 d6 3. Bc4 c5 4. h3 Nc6 5. Nf3 g6 6. d4 cxd4 7. Nxd4 Bd7 8. Nf3 Bg7 9. Be3 0-0 10. Qd2 Rc8 11. a3 a6 12. Bh6 Na5 13. Bxg7 Kxg7 14. Bd3 Qb6 15. 0-0 Qxb2 16. Nd5 Nxd5 17. exd5 Nc4 18. Qe2 Ne5 19. Rfb1 Qc3 20. Nxe5 dxe5 21. Ra2 Rc7 22. Rb3 Qd4 23. Qf3 Qf4 24. Qe2 Bf5 25. Bxf5 gxf5 26. Rb6 Rfc8 27. Qd1 Qd4 28. Qb1 Qxd5 29. Rab2 Rb8 30. Rxa6 f4 31. Rab6 e4 32. R2b4 f5 33. a4 e5 34. R4b5 Rc5 35. Rxb7+ Rxb7 36. Rxb7+ Kg6 37. Rb5 f3 38. g3 Qc4 39. Rxc5 Qxc5 40. Qb5 Qd6 41. a5 Qd1+ 42. Qf1 Qxc2 43. a6 Qc5 44. h4 f4 45. Qh3 Kf6 46. gxf4 Qc1+ 47. Qf1 Qxf4 48. Qh3 e3 49. fxe3 Qxe3+ 50. Kh2 Qe2+ 51. Kh1 f2 0-1

[Event "Heusenstamm Sparkassen op-B 4th"]
[Site "Heusenstamm"]
[Date "2017.11.26"]
[Round "6"]
[White "Kiel, Gerhard"]
[Black "Burow, Roger"]
[Result "0-1"]
[WhiteElo "1571"]
[BlackElo "1708"]
[PlyCount "62"]
[EventDate "2017.11.23"]
[EventType "swiss"]
[EventRounds "7"]
[EventCountry "GER"]
[SourceTitle "EXT 2019"]
[Source "ChessBase"]
[SourceDate "2018.10.10"]
[SourceVersion "1"]
[SourceVersionDate "2018.10.10"]
[SourceQuality "1"]

1. b3 c5 2. Bb2 Nc6 3. Nf3 d6 4. e3 Bg4 5. h3 Bh5 6. Be2 e6 7. 0-0 Nf6 8. d3 Be7 9. Nh2 Bg6 10. Nd2 h5 11. Nhf3 h4 12. Re1 Kf8 13. Nh2 e5 14. Bf3 Rc8 15. c4 b6 16. Bxc6 Rxc6 17. Rf1 Bxd3 18. Re1 Bf5 19. e4 Bc8 20. Re3 Nh5 21. Rf3 Nf4 22. Ndf1 Rh6 23. Ne3 Rg6 24. Kh1 Bg5 25. Nhg4 Bxg4 26. Nxg4 Qe7 27. g3 hxg3 28. fxg3 Nh5 29. Qd5 Rc8 30. Raf1 Nf6 31. h4 Nxd5 0-1

[Event "Heusenstamm Sparkassen op-B 4th"]
[Site "Heusenstamm"]
[Date "2017.11.23"]
[Round "1"]
[White "Burow, Roger"]
[Black "Schwegler, Jelena"]
[Result "1-0"]
[WhiteElo "1708"]
[BlackElo "1462"]
[PlyCount "45"]
[EventDate "2017.11.23"]
[EventType "swiss"]
[EventRounds "7"]
[EventCountry "GER"]
[SourceTitle "EXT 2019"]
[Source "ChessBase"]
[SourceDate "2018.10.10"]
[SourceVersion "1"]
[SourceVersionDate "2018.10.10"]
[SourceQuality "1"]

1. e4 e5 2. Bc4 Bc5 3. Nf3 Nc6 4. b4 Bxb4 5. c3 Bc5 6. d4 exd4 7. cxd4 Bb4+ 8. Bd2 Bxd2+ 9. Nbxd2 Nf6 10. 0-0 d5 11. exd5 Nxd5 12. Re1+ Be6 13. Qb3 0-0 14. Qxb7 Na5 15. Qa6 Nxc4 16. Qxc4 Qf6 17. Ne4 Qg6 18. Ne5 Qf5 19. Qd3 Nf4 20. Qg3 Bd5 21. f3 f6 22. Ng4 Bc4 23. Nh6+ 1-0

[Event "Heusenstamm Sparkassen op-B 3rd"]
[Site "Heusenstamm"]
[Date "2016.11.27"]
[Round "7"]
[White "Burow, Roger"]
[Black "Hauk, Roland"]
[Result "1/2-1/2"]
[WhiteElo "1610"]
[BlackElo "1739"]
[PlyCount "50"]
[EventDate "2016.11.27"]
[EventType "swiss"]
[EventRounds "7"]
[EventCountry "GER"]
[SourceTitle "EXT 2018"]
[Source "ChessBase"]
[SourceDate "2017.10.13"]
[SourceVersion "1"]
[SourceVersionDate "2017.10.13"]
[SourceQuality "1"]

1. e4 e6 2. Nf3 c5 3. d4 cxd4 4. c3 d3 5. Bxd3 Nc6 6. Nbd2 Qc7 7. 0-0 d6 8. Nb3 Nf6 9. Qc2 e5 10. h3 Be7 11. Bg5 Be6 12. Nbd2 Qd7 13. Nh2 h6 14. Be3 g5 15. f3 Nh5 16. a4 Nf4 17. Bxf4 gxf4 18. Kh1 h5 19. Rfd1 Rc8 20. Bf1 a6 21. Nc4 Qc7 22. Rac1 f6 23. b3 Kf7 24. Qb2 Rhd8 25. Nd2 Qb8 1/2-1/2

[Event "Heusenstamm Sparkassen op-B 3rd"]
[Site "Heusenstamm"]
[Date "2016.11.27"]
[Round "3"]
[White "Burow, Roger"]
[Black "Muegendt, Brian Christopher"]
[Result "1-0"]
[WhiteElo "1610"]
[BlackElo "1720"]
[PlyCount "93"]
[EventDate "2016.11.27"]
[EventType "swiss"]
[EventRounds "7"]
[EventCountry "GER"]
[SourceTitle "EXT 2018"]
[Source "ChessBase"]
[SourceDate "2017.10.13"]
[SourceVersion "1"]
[SourceVersionDate "2017.10.13"]
[SourceQuality "1"]

1. e4 c5 2. d4 e6 3. Nf3 cxd4 4. c3 dxc3 5. Nxc3 Nc6 6. Bc4 a6 7. a3 b5 8. Ba2 Be7 9. 0-0 g5 10. Be3 g4 11. Nd4 Ne5 12. Qe2 Nf6 13. Rfd1 Qa5 14. b4 Qc7 15. Rac1 Qb8 16. Ndxb5 axb5 17. Nxb5 Bd8 18. Nd6+ Kf8 19. Bh6+ Kg8 20. Rxc8 Qa7 21. Rxa8 Qxa8 22. Qb2 Ng6 23. b5 Be7 24. b6 Bxd6 25. Rxd6 Qxe4 26. Rd1 Nf4 27. Bxf4 Qxf4 28. b7 Kg7 29. Rxd7 Rb8 30. Bxe6 Rf8 31. Rd4 Qe5 32. Bc4 Re8 33. Rd2 Qxb2 34. Rxb2 Rb8 35. Bd3 Nd7 36. Be4 Re8 37. Bd3 Re1+ 38. Bf1 Re8 39. g3 Nb8 40. Kg2 Re7 41. a4 Re5 42. Rb5 Re4 43. a5 Ra4 44. Rc5 Kf6 45. a6 Ke7 46. Rc8 Nd7 47. Bb5 1-0

[Event "Heusenstamm Sparkassen op-B 3rd"]
[Site "Heusenstamm"]
[Date "2016.11.27"]
[Round "6"]
[White "Pogosian, Norair"]
[Black "Burow, Roger"]
[Result "1-0"]
[WhiteElo "1697"]
[BlackElo "1610"]
[PlyCount "73"]
[EventDate "2016.11.27"]
[EventType "swiss"]
[EventRounds "7"]
[EventCountry "GER"]
[SourceTitle "EXT 2018"]
[Source "ChessBase"]
[SourceDate "2017.10.13"]
[SourceVersion "1"]
[SourceVersionDate "2017.10.13"]
[SourceQuality "1"]

1. e4 e5 2. Nf3 Nc6 3. Bb5 a6 4. Ba4 Nf6 5. 0-0 Be7 6. Re1 b5 7. Bb3 0-0 8. c3 d5 9. exd5 Nxd5 10. Nxe5 Nxe5 11. Rxe5 Nf6 12. d4 Bd6 13. Re1 Ng4 14. h3 Qh4 15. Qf3 Nxf2 16. Re2 Bxh3 17. gxh3 Nxh3+ 18. Kg2 Nf4+ 19. Bxf4 Bxf4 20. Na3 Qg5+ 21. Kf1 Rad8 22. Rae1 c5 23. Re4 Bh2 24. Qg2 Qf5+ 25. Ke2 Qh5+ 26. Kf2 c4 27. Bd1 Qh6 28. Bf3 f5 29. Re6 Qh4+ 30. Ke2 Rde8 31. Kd1 Bg3 32. Rxe8 Bxe1 33. Rxe1 f4 34. Rh1 Qg3 35. Qxg3 fxg3 36. Rf1 Kh8 37. Bg2 1-0

[Event "Heusenstamm Schloss op 1st"]
[Site "Heusenstamm"]
[Date "2014.11.21"]
[Round "3"]
[White "Burow, Roger"]
[Black "Idrissi, Mourad"]
[Result "1-0"]
[WhiteElo "1628"]
[BlackElo "1085"]
[PlyCount "55"]
[EventDate "2014.11.20"]
[EventType "swiss"]
[EventRounds "7"]
[EventCountry "GER"]
[SourceTitle "CBM 163 Extra"]
[Source "ChessBase"]
[SourceDate "2014.12.23"]
[SourceVersion "1"]
[SourceVersionDate "2014.12.23"]
[SourceQuality "1"]

1. Nf3 b6 2. d4 Bb7 3. c4 e6 4. Nc3 Nf6 5. e3 Bb4 6. a3 Be7 7. Bd3 0-0 8. 0-0 c5 9. Re1 d5 10. cxd5 exd5 11. Ne5 c4 12. Bc2 Nc6 13. Nf3 a6 14. e4 dxe4 15. Nxe4 Nxe4 16. Bxe4 Na5 17. Bc2 Bf6 18. Ne5 Nc6 19. Re3 h6 20. Nxc6 Bxc6 21. Rg3 Kh8 22. Be3 Qd5 23. f3 Qd7 24. Qd2 Rad8 25. Rd1 Bh4 26. Rh3 g5 27. Bxg5 Rg8 28. Bf6+ 1-0

[Event "Heusenstamm Schloss op 1st"]
[Site "Heusenstamm"]
[Date "2014.11.20"]
[Round "1"]
[White "Burow, Roger"]
[Black "Schulte, Marius"]
[Result "0-1"]
[WhiteElo "1628"]
[BlackElo "2081"]
[PlyCount "56"]
[EventDate "2014.11.20"]
[EventType "swiss"]
[EventRounds "7"]
[EventCountry "GER"]
[SourceTitle "CBM 163 Extra"]
[Source "ChessBase"]
[SourceDate "2014.12.23"]
[SourceVersion "1"]
[SourceVersionDate "2014.12.23"]
[SourceQuality "1"]

1. Nf3 d5 2. d4 Nf6 3. c4 c6 4. Nc3 e6 5. a3 dxc4 6. e4 b5 7. Bg5 h6 8. Bh4 Qa5 9. Bxf6 gxf6 10. e5 f5 11. Be2 Nd7 12. 0-0 Bb7 13. Ne1 a6 14. f4 0-0-0 15. Bf3 Nc5 16. Nc2 Nb3 17. Rb1 Qb6 18. Ne2 c5 19. Bxb7+ Kxb7 20. Kh1 cxd4 21. Nexd4 Nxd4 22. Nxd4 Rxd4 23. Qf3+ Qc6 24. Qc3 Bc5 25. Rbc1 Rd3 26. Qc2 Rhd8 27. Rcd1 Qd5 28. Rxd3 Qxd3 0-1

[Event "Karl Mala Memorial op-B 17th"]
[Site "Frankfurt"]
[Date "2014.08.03"]
[Round "7"]
[White "Kirschner, Philipp"]
[Black "Burow, Roger"]
[Result "0-1"]
[WhiteElo "1391"]
[BlackElo "1657"]
[PlyCount "158"]
[EventDate "2014.07.31"]
[EventType "swiss"]
[EventRounds "7"]
[EventCountry "GER"]
[SourceTitle "EXT 2015"]
[Source "ChessBase"]
[SourceDate "2014.11.20"]
[SourceVersion "1"]
[SourceVersionDate "2014.11.20"]
[SourceQuality "1"]

1. d4 Nf6 2. c4 e6 3. Nc3 d5 4. Bg5 Be7 5. Nf3 Nbd7 6. e3 a6 7. cxd5 exd5 8. Bd3 h6 9. Bh4 c6 10. 0-0 0-0 11. Rc1 Ne8 12. Bxe7 Qxe7 13. Qc2 Ndf6 14. Ne5 Nd6 15. f3 Be6 16. Na4 Qc7 17. Nc5 Rac8 18. Ng6 Rfe8 19. Nf4 Bd7 20. Nxd7 Qxd7 21. Rfe1 Re7 22. Re2 Qe8 23. Rce1 Qd7 24. Kf1 Rce8 25. e4 dxe4 26. fxe4 Nb5 27. d5 Nd4 28. dxc6 bxc6 29. Qa4 Nxe2 30. Rxe2 Qc7 31. g3 a5 32. Qc2 Ng4 33. Kg2 Ne5 34. Nh3 Nxd3 35. Qxd3 Rd8 36. Qc4 Qb7 37. Nf2 Red7 38. Qc3 Qb6 39. Rc2 Rd6 40. e5 Re6 41. a3 Rd5 42. Nd3 Rb5 43. Nc5 Re7 44. Kh3 Qb8 45. Nd3 Rd5 46. Qc4 Qd8 47. Nf4 Qd7+ 48. e6 fxe6 49. Nxd5 exd5+ 50. Qg4 Qxg4+ 51. Kxg4 Re6 52. Rd2 Kf7 53. h4 Ke7 54. Rd4 Kd6 55. Kf3 Kc5 56. Rg4 g6 57. Kg2 d4 58. b4+ axb4 59. axb4+ Kc4 60. Rf4 Kc3 61. b5 cxb5 62. Kf1 b4 63. Rf7 b3 64. Rc7+ Kd2 65. Rb7 Re3 66. h5 gxh5 67. g4 hxg4 68. Kf2 Rc3 69. Rb4 d3 70. Rxg4 b2 71. Rb4 Kc2 72. Ke3 d2+ 73. Kd4 d1Q+ 74. Ke5 Re3+ 75. Kf5 Qf1+ 76. Rf4 Rf3 77. Kg6 Rg3+ 78. Kh5 Qb5+ 79. Kh4 Qg5# 0-1

[Event "Hofheim Spring op-B 2nd"]
[Site "Hofheim"]
[Date "2014.04.25"]
[Round "7"]
[White "Burow, Roger"]
[Black "Mut, Friedrich"]
[Result "0-1"]
[WhiteElo "1662"]
[BlackElo "1727"]
[PlyCount "82"]
[EventDate "2014.04.22"]
[EventType "swiss"]
[EventRounds "9"]
[EventCountry "GER"]
[SourceTitle "CBM 160 Extra"]
[Source "ChessBase"]
[SourceDate "2014.07.01"]
[SourceVersion "1"]
[SourceVersionDate "2014.07.01"]
[SourceQuality "1"]

1. d4 d5 2. Bf4 Nf6 3. e3 e6 4. Nf3 Bd6 5. Ne5 0-0 6. Bd3 Ne4 7. Bxe4 dxe4 8. Qg4 f6 9. Bh6 Qe7 10. Nd2 fxe5 11. Nxe4 Nd7 12. 0-0 exd4 13. exd4 Nf6 14. Nxf6+ Qxf6 15. Bg5 Qf5 16. Qh4 Rf7 17. Bd2 Bd7 18. c4 Raf8 19. Rae1 Bf4 20. Re2 Bxd2 21. Rxd2 Qf4 22. Qxf4 Rxf4 23. b3 c6 24. Re1 b5 25. Re3 a5 26. cxb5 cxb5 27. Re5 R8f5 28. Rc5 Rd5 29. Rxd5 exd5 30. f3 b4 31. Kf2 Rf6 32. g3 Rc6 33. Ke3 Re6+ 34. Kf4 h6 35. h4 Kf7 36. g4 Kf6 37. h5 g5+ 38. hxg6 Kxg6 39. a3 a4 40. bxa4 b3 41. a5 Ra6 0-1

[Event "Hofheim Spring op-B 2nd"]
[Site "Hofheim"]
[Date "2014.04.24"]
[Round "5"]
[White "Burow, Roger"]
[Black "Moritz, Cornelia"]
[Result "1/2-1/2"]
[WhiteElo "1662"]
[BlackElo "1856"]
[PlyCount "56"]
[EventDate "2014.04.22"]
[EventType "swiss"]
[EventRounds "9"]
[EventCountry "GER"]
[SourceTitle "CBM 160 Extra"]
[Source "ChessBase"]
[SourceDate "2014.07.01"]
[SourceVersion "1"]
[SourceVersionDate "2014.07.01"]
[SourceQuality "1"]

1. d4 f5 2. Nf3 Nf6 3. Bf4 e6 4. h3 Be7 5. e3 0-0 6. Be2 b6 7. 0-0 Bb7 8. c4 d6 9. Nc3 h6 10. Bh2 a6 11. a3 Nbd7 12. b4 g5 13. Ne1 Qe8 14. Bf3 Bxf3 15. Nxf3 Qg6 16. Kh1 Kh7 17. Qc2 Rg8 18. Rg1 g4 19. Nh4 Qh5 20. g3 gxh3 21. f3 Rg7 22. Raf1 Rag8 23. Ne2 Ne8 24. Nf4 Qf7 25. Nxh3 Bxh4 26. gxh4 Qh5 27. Qf2 Rxg1+ 28. Rxg1 Rxg1+ 1/2-1/2

[Event "Hofheim Spring op-B 2nd"]
[Site "Hofheim"]
[Date "2014.04.23"]
[Round "3"]
[White "Burow, Roger"]
[Black "Koller, Wolfgang"]
[Result "1-0"]
[WhiteElo "1662"]
[BlackElo "1682"]
[PlyCount "69"]
[EventDate "2014.04.22"]
[EventType "swiss"]
[EventRounds "9"]
[EventCountry "GER"]
[SourceTitle "CBM 160 Extra"]
[Source "ChessBase"]
[SourceDate "2014.07.01"]
[SourceVersion "1"]
[SourceVersionDate "2014.07.01"]
[SourceQuality "1"]

1. d4 Nf6 2. Bf4 e6 3. e3 c5 4. c4 Qa5+ 5. Nc3 Ne4 6. Nge2 Nc6 7. f3 cxd4 8. exd4 Nxc3 9. Nxc3 Bb4 10. Qd3 d5 11. Be2 a6 12. 0-0 dxc4 13. Qxc4 Nxd4 14. Kh1 Nxe2 15. Nxe2 0-0 16. Rfd1 e5 17. Be3 Be6 18. Qe4 Qb5 19. Ng3 f5 20. Qh4 f4 21. Bf2 fxg3 22. Qxg3 Rad8 23. a3 Rxd1+ 24. Rxd1 Qe2 25. Rg1 Bd2 26. Bb6 Bf4 27. Qh4 Bd5 28. Re1 Qxb2 29. Bc5 Re8 30. Bb4 a5 31. Bxa5 Qxa3 32. Bb6 Qb2 33. Bg1 b5 34. Qh5 Qc2 35. Qxe8# 1-0

[Event "Karl Mala Memorial op-B 16th"]
[Site "Frankfurt"]
[Date "2013.07.12"]
[Round "3"]
[White "Papadopoulos, Ioannis1111"]
[Black "Burow, Roger"]
[Result "1/2-1/2"]
[WhiteElo "1205"]
[BlackElo "1476"]
[PlyCount "98"]
[EventDate "2013.07.11"]
[EventType "swiss"]
[EventRounds "7"]
[EventCountry "GER"]
[SourceTitle "CBM 155 Extra"]
[Source "ChessBase"]
[SourceDate "2013.08.26"]
[SourceVersion "1"]
[SourceVersionDate "2013.08.26"]
[SourceQuality "1"]

1. e4 d5 2. exd5 Qxd5 3. Nc3 Qd8 4. d4 Nf6 5. Nf3 c6 6. Bc4 Bg4 7. Ne5 Be6 8. Bxe6 fxe6 9. 0-0 g6 10. Re1 Bg7 11. Nf3 0-0 12. Ng5 Qd7 13. Nxe6 Rf7 14. Nxg7 Kxg7 15. Ne4 Na6 16. Ng5 Raf8 17. Nxf7 Rxf7 18. Bg5 Ng8 19. Qd2 Qf5 20. Re5 Qd7 21. Rae1 Nc7 22. c3 Nd5 23. c4 Ndf6 24. Bxf6+ Nxf6 25. d5 cxd5 26. cxd5 Ng8 27. Qd4 Nf6 28. h3 b6 29. Rd1 Kf8 30. d6 Ke8 31. dxe7 Rxe7 32. Qxd7+ Nxd7 33. Rxe7+ Kxe7 34. Rxd7+ Kxd7 35. Kf1 Kc6 36. Ke2 Kd5 37. Kd3 a5 38. f4 b5 39. g4 h6 40. h4 a4 41. a3 Kc5 42. f5 gxf5 43. gxf5 Kd5 44. f6 Ke6 45. f7 Kxf7 46. Ke4 Kg6 47. Kf4 Kf6 48. h5 Ke6 49. Ke4 Kf6 1/2-1/2